| 000 | 01144cam a2200193 4500 | ||
|---|---|---|---|
| 001 | WB3904-04 | ||
| 008 | 030130n2003 000 0 eng u | ||
| 035 | _a(Sirsi) u121177 | ||
| 245 | _aBuilding surveys and inspections defined | ||
| 260 | _c2003 | ||
| 490 |
_aRICS Building Surveying Faculty News _v 24 January 2003, (1) |
||
| 520 | _aThe Construction Industry Confederation (CIC), together with other professional bodies, has produced a free leaflet which clearly defines the various types of inspection and survey of existing buildings and those in the course of construction with a view to avoid different interpretations between professional bodies and their clients. The definitions may not necessarily apply outside England and Wales. The leaflet can be found at http://www.cic.org.uk/cascade/definitions.pdf http://www.rics.org/ricscms/bin/show?class=News&template=/includes/shownews.html&id=4695&faculty=Building%20Surveying&faculty=All%20Faculties | ||
| 590 | _aWB | ||
| 650 | _aBUILDING SURVEYS | ||
| 650 | _aBUILDING INSPECTIONS | ||
| 650 | _aDEFINITIONS | ||
| 690 | _aBUILT ENVIRONMENT-BUILDING INSPECTION | ||
| 942 | _n0 | ||
| 999 |
_c72004 _d72004 |
||